MARC

LEADER 00000nas a22000007i 4500
001 ssj0001454274
003 WaSeSS
005 20200512172242.0
006 m d
007 cr n
008 140725c20109999nyuqr p s 0 a0eng
010 |a  2014202910 
022 |a 2374-1007  |y 1949-4955 
035 |a (WaSeSS)ssj0001454274 
037 |b N ova Science Publishers, Inc., 400 Oser Ave., Ste. 1600, Hauppauge, NY 11788-3619  |c $55.00 (single issue)  |c $195.00 (1 yr.) 
040 |a DLC  |b eng  |c DLC  |d DLC  |d OCLCO  |d OCLCF  |d AU@  |d WaSeSS 
042 |a pcc  |a nsdp 
082 1 0 |a 620.1  |2 14 
210 0 |a Int. j. microscale nanoscale therm. fluid transp. phenom.  |b (Online) 
222 0 |a International journal of microscale and nanoscale thermal and fluid transport phenomena  |b (Online) 
245 0 0 |a International journal of microscale and nanoscale thermal and fluid transport phenomena  |h [electronic resource]. 
246 1 |a IJMNTFTP 
260 |a Hauppauge, N.Y. :  |b Nova Science Publishers, Inc. 
310 |a Quarterly 
362 1 |a Print began with: Volume 1, issue 1 (2010). 
506 |a License restrictions may limit access. 
588 |a Description based on: Volume 1, issue 4 (2010); title from PDF cover image (Nova Science website, viewed on July 25, 2014). 
588 |a Latest issue consulted: Vol. 2, issue 2 (2011) (viewed on July 25, 2014). 
650 0 |a Microfluidics  |v Periodicals. 
650 0 |a Nanofluids  |x Thermal properties  |v Periodicals. 
650 0 |a Microelectromechanical systems  |x Thermal properties  |v Periodicals. 
650 0 |a Nanoelectromechanical systems  |x Thermal properties  |v Periodicals. 
650 0 |a Heat  |x Transmission  |v Periodicals. 
650 0 |a Transport theory  |v Periodicals. 
650 7 |a Heat  |x Transmission.  |2 fast  |0 (OCoLC)fst00953826 
650 7 |a Microfluidics.  |2 fast  |0 (OCoLC)fst01736696 
650 7 |a Transport theory.  |2 fast  |0 (OCoLC)fst01154987 
655 0 |a Electronic journals. 
776 0 8 |i Print version:  |t International journal of microscale and nanoscale thermal and fluid transport phenomena  |x 1949-4955  |w (DLC) 2009200354  |w (OCoLC)426035131 
856 4 0 |z Full text available from Research Library: 01/01/2011 to 07/31/2014  |u https://search.proquest.com/publication/2034861